书目信息 |
| 题名: |
碧空慧眼
|
|
| 作者: | 哈珀 , Harper 著 ;南京大学地理系遥感组 译 | |
| 分册: | ||
| 出版信息: | 北京 商务印书馆 1979 |
|
| 页数: | 190页 | |
| 开本: | 19cm | |
| 丛书名: | ||
| 单 册: | ||
| 中图分类: | TP7 | |
| 科图分类: | ||
| 主题词: | 遥感--基本知识 | |
| 电子资源: | ||
| ISBN: | ||
| 000 | 00878nam0 2200277 45 | |
| 001 | 0179006330 | |
| 005 | 20060810112443.90 | |
| 010 | @dCNY0.63 | |
| 091 | @a12017.246 | |
| 100 | @a19950728d1979 em y0chiy0121 ea | |
| 101 | 1 | @achi@ceng |
| 102 | @aCN@b110000 | |
| 105 | @ay z 000yy | |
| 200 | 10 | @a碧空慧眼@Abi kong hui yan@e遥感入门@f(加拿大)哈珀(D.Harper)著@g南京大学地理系遥感组译 |
| 210 | @a北京@c商务印书馆@d1979 | |
| 215 | @a190页@d19cm | |
| 300 | @a书名原文:Eye in the skye-introduction to remote sensing | |
| 510 | 1 | @aEye in the skye-introduction to remote sensing@eng |
| 517 | 1 | @a遥感入门@Ayao gan ru men |
| 606 | @a遥感@x基本知识 | |
| 690 | @aTP7@v3 | |
| 701 | 1 | @a哈珀@Aha po@bD.@4著 |
| 701 | A1 | @aHarper@bD.@4著 |
| 712 | 02 | @a南京大学地理系遥感组@Anan jing da xue di li xi yao gan zu@4译 |
| 801 | 0 | @aCN@bTSSF@c20060810 |
| 905 | @a10447@dTP7@e21 | |
| 碧空慧眼:遥感入门/(加拿大)哈珀(D.Harper)著/南京大学地理系遥感组译.-北京:商务印书馆,1979 |
| 190页;19cm |
| 书名原文:Eye in the skye-introduction to remote sensing |
| ISBN :CNY0.63 |
| ● |
| 相关链接 |
|
|
|
|
正题名:碧空慧眼
索取号:TP7/21
 
预约/预借
| 序号 | 登录号 | 条形码 | 馆藏地/架位号 | 状态 | 备注 |
| 1 | 0452147 | 204521473 | 密集书库/ [索取号:TP7/21] | 在馆 |